[Event "Hessen Senioren-ch 2012  8th"]
[Site "Bad Sooden-Adf. (14.4.-22.4)"]
[Date "2012.04.17"]
[Round "4.29"]
[White "Weyrauch, Erich"]
[Black "Merettig, Georg"]
[Result "1-0"]
[WhiteElo "1989"]
[BlackElo "1748"]
[PlyCount "72"]
[EventDate "2012.04.??"]
[EventType "swiss"]
[EventRounds "9"]
[EventCountry "GER"]
[WhiteTeam "Letmathe SV"]
[BlackTeam "Wolfenbüttel Caissa SV"]

1. e4 Nc6 2. Nc3 b6 3. Bc4 Ne5 4. Bb3 Bb7 5. f4 Ng6 6. d3 e6 7. Nf3 Nf6 8. Qe2
Be7 9. O-O O-O 10. f5 exf5 11. exf5 Bc5+ 12. Kh1 Re8 13. Bxf7+ Kxf7 14. fxg6+
hxg6 15. Ne5+ Kg8 16. d4 d6 17. Qc4+ d5 18. Qd3 Ne4 19. Bf4 g5 20. Be3 Bd6 21.
Nxe4 dxe4 22. Qc4+ Kh7 23. Nf7 Qd7 24. Nxg5+ Kh8 25. Qe2 g6 26. Rf7 Re7 27.
Raf1 Bd5 28. R7f6 Kg7 29. c4 Rh8 30. h3 Be6 31. Nxe6+ Rxe6 32. Qg4 Rhe8 33.
Qxg6+ Kh8 34. R1f4 Qg7 35. Rxe6 Rxe6 36. Qxe6 Qg3 1-0

[Event "Hessen Senioren-ch 2012  8th"]
[Site "Bad Sooden-Adf. (14.4.-22.4)"]
[Date "2012.04.17"]
[Round "4.30"]
[White "Mayeres, Hans-Christian"]
[Black "Peleikis, Horst"]
[Result "0-1"]
[WhiteElo "1663"]
[BlackElo "1973"]
[PlyCount "84"]
[EventDate "2012.04.??"]
[EventType "swiss"]
[EventRounds "9"]
[EventCountry "GER"]
[WhiteTeam "Recklinghausen 06 SK"]
[BlackTeam "Lister Turm SK"]

1. c4 c5 2. Nc3 Nc6 3. g3 g6 4. Bg2 Bg7 5. Nf3 d6 6. O-O Nf6 7. d3 O-O 8. a3
Rb8 9. Rb1 a5 10. Bd2 Bd7 11. Nb5 h6 12. b4 axb4 13. axb4 b6 14. Qc2 Rc8 15.
bxc5 bxc5 16. Nc3 Nb4 17. Qc1 Kh7 18. Nb5 Nc6 19. Nc3 Rb8 20. Rxb8 Qxb8 21. Qa3
Qa8 22. Ra1 Qxa3 23. Rxa3 Rb8 24. Nb5 Ng4 25. h3 Nge5 26. Nxe5 Bxe5 27. Bc3 Nd4
28. Bxd4 cxd4 29. Ra5 Kg7 30. f4 Bf6 31. Kf2 Rb6 32. Ke1 e6 33. Kd2 d5 34. Kc2
h5 35. Kb3 Bc6 36. Ka4 Be7 37. Bf1 Kf6 38. Ra7 dxc4 39. dxc4 Bc5 40. e3 dxe3
41. Be2 Be4 42. Ka5 Rb8 0-1

[Event "Hessen Senioren-ch 2012  8th"]
[Site "Bad Sooden-Adf. (14.4.-22.4)"]
[Date "2012.04.17"]
[Round "4.31"]
[White "Reinhold, Klaus Dr(44)"]
[Black "Matrisch, Gerd"]
[Result "1/2-1/2"]
[WhiteElo "1952"]
[BlackElo "1737"]
[PlyCount "38"]
[EventDate "2012.04.??"]
[EventType "swiss"]
[EventRounds "9"]
[EventCountry "GER"]
[WhiteTeam "Gronau 1920 SC"]
[BlackTeam "Wanne-Eickel SV"]

1. d4 d5 2. c4 e6 3. Nf3 Nf6 4. g3 Bb4+ 5. Bd2 Bxd2+ 6. Nbxd2 O-O 7. Bg2 c6 8.
Qc2 Na6 9. O-O b5 10. b3 Bb7 11. a3 Rc8 12. Qb2 Nb8 13. Rfd1 a6 14. Rac1 Qe7
15. c5 a5 16. Ne5 Nbd7 17. Ndf3 Nxe5 18. Nxe5 Nd7 19. Nxd7 Qxd7 1/2-1/2

[Event "Hessen Senioren-ch 2012  8th"]
[Site "Bad Sooden-Adf. (14.4.-22.4)"]
[Date "2012.04.17"]
[Round "4.32"]
[White "Kluever, Horst"]
[Black "Gerhardt, Peter-Michael"]
[Result "0-1"]
[WhiteElo "1672"]
[BlackElo "1916"]
[PlyCount "100"]
[EventDate "2012.04.??"]
[EventType "swiss"]
[EventRounds "9"]
[EventCountry "GER"]
[WhiteTeam "Itzehoer SV"]
[BlackTeam "Vahr SC"]

1. e4 c5 2. Nf3 a6 3. d4 cxd4 4. Nxd4 Nf6 5. Bd3 e5 6. Ne2 Be7 7. Ng3 d5 8. O-O
O-O 9. Nd2 Nc6 10. exd5 Nxd5 11. Bf5 Nf4 12. Bxc8 Rxc8 13. c3 Qd5 14. Qf3 Rcd8
15. Qxd5 Rxd5 16. Nc4 Ne6 17. Be3 f5 18. Bb6 Bd8 19. Rad1 Rxd1 20. Rxd1 Bxb6
21. Nxb6 g6 22. Rd7 Rf7 23. Rxf7 Kxf7 24. a4 e4 25. Nc4 Nc5 26. a5 Ke6 27. b4
Nd7 28. Ne2 Nde5 29. Nf4+ Kd7 30. Nb6+ Kd6 31. h4 Ne7 32. c4 N5c6 33. c5+ Ke5
34. g3 Nxb4 35. Nc4+ Kd4 36. Nd6 Kxc5 37. Nxb7+ Kc6 38. Nd8+ Kb5 39. Nb7 Nbc6
40. Kf1 Nxa5 41. Nxa5 Kxa5 42. Ke1 Kb4 43. Kd1 Kb3 44. Kc1 a5 45. Ne2 Nc6 46.
Kb1 a4 47. Nc1+ Kc3 48. Ne2+ Kd2 49. Nf4 Ne5 50. Ne6 Ke2 0-1

[Event "Hessen Senioren-ch 2012  8th"]
[Site "Bad Sooden-Adf. (14.4.-22.4)"]
[Date "2012.04.17"]
[Round "4.33"]
[White "Bachmann, Rolf"]
[Black "Kienel, Norbert"]
[Result "1-0"]
[WhiteElo "1933"]
[BlackElo "1696"]
[PlyCount "91"]
[EventDate "2012.04.??"]
[EventType "swiss"]
[EventRounds "9"]
[EventCountry "GER"]
[WhiteTeam "Hamm SVg"]
[BlackTeam "Osnabrück SV"]

1. d4 Nf6 2. Nf3 e6 3. c4 d5 4. Nc3 c6 5. Bg5 Nbd7 6. e3 Bd6 7. Bd3 O-O 8. O-O
h6 9. Bh4 dxc4 10. Bxc4 Qc7 11. Rc1 a6 12. Bb3 Ng4 13. Bg3 Bxg3 14. hxg3 Qa5
15. Ne4 Qh5 16. Nc5 Ndf6 17. Nd3 b6 18. Nf4 Qa5 19. Rxc6 Bd7 20. Rc1 Rfc8 21.
Qd2 Qxd2 22. Nxd2 Bc6 23. Rc3 Ne8 24. Nxe6 Ngf6 25. Rfc1 Bd7 26. Rxc8 Rxc8 27.
Rxc8 Bxc8 28. Nf4 g5 29. Nd5 Nxd5 30. Bxd5 Nf6 31. Bc6 Kf8 32. e4 Ke7 33. e5
Ng8 34. f4 Bd7 35. Be4 Kd8 36. Kf2 Ne7 37. Ke3 Nf5+ 38. Bxf5 Bxf5 39. Ne4 g4
40. d5 Ke7 41. Kd4 Bc8 42. Nf6 Kf8 43. b4 Bf5 44. a4 a5 45. bxa5 bxa5 46. Kc5
1-0

[Event "Hessen Senioren-ch 2012  8th"]
[Site "Bad Sooden-Adf. (14.4.-22.4)"]
[Date "2012.04.17"]
[Round "4.34"]
[White "Kirchberg, Hans-Georg"]
[Black "Noble, Alexander"]
[Result "0-1"]
[WhiteElo "1598"]
[BlackElo "1939"]
[PlyCount "103"]
[EventDate "2012.04.??"]
[EventType "swiss"]
[EventRounds "9"]
[EventCountry "GER"]
[WhiteTeam "Dingelstädt SK"]
[BlackTeam "Bad Nauheim SC"]

1. d4 Nf6 2. Nf3 b6 3. e3 Bb7 4. c4 e6 5. Nc3 Be7 6. Be2 Ne4 7. Nxe4 Bxe4 8.
O-O O-O 9. Bd3 Bxd3 10. Qxd3 f5 11. a3 d6 12. Re1 Nd7 13. b4 Bf6 14. e4 g6 15.
Bh6 Re8 16. Rad1 Nf8 17. Qc2 Qd7 18. Bf4 Rad8 19. e5 Be7 20. h3 d5 21. cxd5
exd5 22. Bg5 Ne6 23. Bxe7 Qxe7 24. Rc1 Qd7 25. Qd2 Qe7 26. Rc6 Rd7 27. Rec1 g5
28. h4 h6 29. hxg5 hxg5 30. R1c2 g4 31. Ne1 Qh4 32. Nd3 Rh7 33. Kf1 Qh1+ 34.
Ke2 Nxd4+ 35. Ke3 Nxc6 36. Rxc6 Qxg2 37. Qa2 f4+ 38. Kd2 Qe4 39. Qc2 Ree7 40.
Rf6 Rh2 41. Rxf4 Qxf4+ 42. Nxf4 Rxf2+ 43. Ne2 Rxe5 44. Qg6+ Kf8 45. Qh6+ Kf7
46. Qh7+ Ke6 47. Qg6+ Ke7 48. Qg7+ Kd6 49. Qg6+ Re6 50. Qxg4 Rfxe2+ 51. Qxe2
Rxe2+ 52. Kxe2 0-1

[Event "Hessen Senioren-ch 2012  8th"]
[Site "Bad Sooden-Adf. (14.4.-22.4)"]
[Date "2012.04.17"]
[Round "4.35"]
[White "Briesemeister, Klaus"]
[Black "Lippmann, Ulrich"]
[Result "0-1"]
[WhiteElo "1553"]
[BlackElo "1890"]
[PlyCount "80"]
[EventDate "2012.04.??"]
[EventType "swiss"]
[EventRounds "9"]
[EventCountry "GER"]
[WhiteTeam "Lingen SV"]
[BlackTeam "Papenburg SC"]

1. d4 Nf6 2. c4 e6 3. Bg5 d5 4. Nc3 Be7 5. e3 c6 6. Nf3 Ne4 7. Bxe7 Qxe7 8.
Nxe4 dxe4 9. Nd2 f5 10. Qb3 O-O 11. c5 Nd7 12. Nc4 Nf6 13. Nd6 Nd5 14. Bc4 Qc7
15. g3 b6 16. Bxd5 exd5 17. O-O bxc5 18. dxc5 Ba6 19. Rfe1 Qa5 20. Qa3 Qxa3 21.
bxa3 Bd3 22. Red1 Rab8 23. Rd2 g6 24. Rc1 Kg7 25. h4 Kf6 26. Kg2 h6 27. Rc3 Rb1
28. Rb3 Rb8 29. Rxb8 Rxb8 30. Kh1 Ke6 31. Kg2 Rb1 32. Kh2 Rc1 33. Nb7 Ba6 34.
Nd8+ Kd7 35. Nf7 Rxc5 36. Ne5+ Kd6 37. Nxg6 Ra5 38. Nh8 Ke6 39. Ng6 Rxa3 40.
Rb2 c5 0-1

[Event "Hessen Senioren-ch 2012  8th"]
[Site "Bad Sooden-Adf. (14.4.-22.4)"]
[Date "2012.04.17"]
[Round "4.36"]
[White "Schwichtenberg, Juergen"]
[Black "Papapostolou, Christos"]
[Result "0-1"]
[WhiteElo "1545"]
[BlackElo "1933"]
[PlyCount "49"]
[EventDate "2012.04.??"]
[EventType "swiss"]
[EventRounds "9"]
[EventCountry "GER"]
[WhiteTeam "Hofheim 1920 SV"]
[BlackTeam "Bad Sooden-Allendorf SK"]

1. b4 c6 2. Bb2 Qb6 3. a3 a5 4. c4 d6 5. Qb3 Na6 6. b5 Nc5 7. Qg3 e5 8. a4 Nf6
9. Nc3 Be6 10. e3 g6 11. Be2 Bg7 12. Nh3 h6 13. f3 Bf5 14. e4 Bxh3 15. Qxh3 Nb3
16. Rd1 h5 17. d3 Nd4 18. Kf1 Ke7 19. Bc1 Ne6 20. g4 Qd4 21. Nb1 Qa1 22. Na3
Qa2 23. Rd2 Qb3 24. Bd1 Qc3 25. Nc2 0-1

[Event "Hessen Senioren-ch 2012  8th"]
[Site "Bad Sooden-Adf. (14.4.-22.4)"]
[Date "2012.04.17"]
[Round "4.37"]
[White "Kotlar, Alfred"]
[Black "Berger, Volkmar"]
[Result "1-0"]
[WhiteElo "1825"]
[BlackElo "1648"]
[PlyCount "89"]
[EventDate "2012.04.??"]
[EventType "swiss"]
[EventRounds "9"]
[EventCountry "GER"]
[WhiteTeam "Recklinghausen 06 SK"]
[BlackTeam "Cottbus Senioren SC"]

1. d4 Nf6 2. Nf3 g6 3. Bf4 Bg7 4. Nbd2 O-O 5. e3 d6 6. Bd3 b6 7. O-O Bb7 8. Re1
Nh5 9. Bg5 Nd7 10. Rc1 Nhf6 11. e4 h6 12. Be3 a5 13. h3 Ba6 14. c4 c5 15. d5
Nh7 16. Qc2 Bc8 17. Nf1 Nhf6 18. Qd2 Kh7 19. Bf4 Nh5 20. Bh2 Ne5 21. Nxe5 dxe5
22. Rcd1 Qd6 23. Ng3 Nf4 24. Ne2 g5 25. Bxf4 gxf4 26. Nxf4 Kh8 27. Ne2 Qg6 28.
Ng3 Rg8 29. Qe2 Bf6 30. Kh2 Bg5 31. Qh5 Qg7 32. Bf1 Bf4 33. Rd3 Qf6 34. Kh1 Bd7
35. Qe2 Qg5 36. Qh5 Qf6 37. Ne2 Rg6 38. Nxf4 exf4 39. Qe2 Qe5 40. Rf3 Rag8 41.
Qd2 Qg7 42. Qxf4 Rxg2 43. Rg3 Rxg3 44. fxg3 Qxb2 45. Qxh6# 1-0

[Event "Hessen Senioren-ch 2012  8th"]
[Site "Bad Sooden-Adf. (14.4.-22.4)"]
[Date "2012.04.17"]
[Round "4.38"]
[White "Ghijsen, Pim"]
[Black "Preiss, Gerhard"]
[Result "1-0"]
[WhiteElo "1906"]
[BlackElo "1586"]
[PlyCount "75"]
[EventDate "2012.04.??"]
[EventType "swiss"]
[EventRounds "9"]
[EventCountry "GER"]
[WhiteTeam "NED/Amsterdam VAS"]
[BlackTeam "Steinhagen SK"]
[WhiteTeamCountry "NED"]

1. d4 Nf6 2. Nf3 d5 3. Bf4 e6 4. e3 Bd6 5. Bg3 O-O 6. Bd3 b6 7. Qe2 Bb7 8. Nbd2
Be7 9. Ne5 Nbd7 10. O-O c5 11. c3 Ne4 12. Bf4 Nxe5 13. Bxe4 dxe4 14. Bxe5 Bd6
15. Bxd6 Qxd6 16. Rfd1 a5 17. f3 f5 18. fxe4 fxe4 19. dxc5 Qxc5 20. Nb3 Qc7 21.
Qg4 Rf6 22. Rf1 Raf8 23. Rxf6 Rxf6 24. Rd1 Bd5 25. Qg3 Qxg3 26. hxg3 Bc4 27.
Nc1 a4 28. b3 axb3 29. axb3 Ba6 30. c4 e5 31. Na2 Rf8 32. Rd6 Ra8 33. Nb4 Bc8
34. Rxb6 Kf7 35. Nc6 Kf6 36. Na7+ Be6 37. Nb5 Ke7 38. Rxe6+ 1-0

[Event "Hessen Senioren-ch 2012  8th"]
[Site "Bad Sooden-Adf. (14.4.-22.4)"]
[Date "2012.04.17"]
[Round "4.39"]
[White "Blosze, Winfried"]
[Black "Etzold, Walter"]
[Result "1-0"]
[WhiteElo "1710"]
[BlackElo "1995"]
[PlyCount "35"]
[EventDate "2012.04.??"]
[EventType "swiss"]
[EventRounds "9"]
[EventCountry "GER"]
[WhiteTeam "Großauheim 1929 SV"]
[BlackTeam "Langenberg(Gera) Elstertal SZ"]

1. e4 e6 2. d4 d5 3. e5 c5 4. c3 Nc6 5. Nf3 Bd7 6. Be2 f6 7. O-O fxe5 8. Nxe5
Nxe5 9. dxe5 Qc7 10. Bf4 O-O-O 11. a4 Ne7 12. Na3 a6 13. Nb5 axb5 14. axb5 Qb6
15. b4 Ng6 16. Bg5 Be7 17. bxc5 Qxc5 18. Be3 1-0

[Event "Hessen Senioren-ch 2012  8th"]
[Site "Bad Sooden-Adf. (14.4.-22.4)"]
[Date "2012.04.17"]
[Round "4.40"]
[White "Achenbach, Manfred"]
[Black "Stuiber, WIlhelm"]
[Result "1-0"]
[WhiteElo "1989"]
[BlackElo "1642"]
[PlyCount "67"]
[EventDate "2012.04.??"]
[EventType "swiss"]
[EventRounds "9"]
[EventCountry "GER"]
[WhiteTeam "Mülheim 08/25 SC"]
[BlackTeam "Euskirchen SK"]

1. Nf3 d5 2. c4 e6 3. g3 c6 4. Bg2 Bd6 5. O-O Nd7 6. d3 b6 7. e4 Bb7 8. Qe2
dxc4 9. dxc4 Qc7 10. Nc3 f6 11. Nd4 Nf8 12. Rd1 O-O-O 13. Be3 Be5 14. a4 Bxd4
15. Bxd4 e5 16. Be3 Rxd1+ 17. Rxd1 Kb8 18. a5 Ne7 19. axb6 axb6 20. Na4 c5 21.
b4 Qc6 22. b5 Qc7 23. Bh3 Bc8 24. Bxc8 Nxc8 25. Nc3 Ne6 26. Nd5 Qb7 27. Qg4 Nd4
28. Bxd4 cxd4 29. Nb4 Qf7 30. Ra1 Re8 31. Qe2 Kc7 32. Qd3 Kd6 33. Nd5 Qb7 34.
Ra6 1-0

[Event "Hessen Senioren-ch 2012  8th"]
[Site "Bad Sooden-Adf. (14.4.-22.4)"]
[Date "2012.04.17"]
[Round "4.41"]
[White "Hampel, Johannes"]
[Black "Fritsch, Wolfgang(36)"]
[Result "1/2-1/2"]
[WhiteElo "1950"]
[BlackElo "1660"]
[PlyCount "49"]
[EventDate "2012.04.??"]
[EventType "swiss"]
[EventRounds "9"]
[EventCountry "GER"]
[WhiteTeam "Dresden-Leuben SV"]
[BlackTeam "Bad Langensalza SV"]

1. d4 d5 2. c4 dxc4 3. Nf3 Nf6 4. e3 e6 5. Bxc4 Nbd7 6. O-O Nb6 7. Bb3 Be7 8.
Nc3 O-O 9. e4 a6 10. Be3 Ng4 11. Bf4 Nf6 12. Rc1 Bd7 13. Qd3 Nh5 14. Be3 g6 15.
Ne5 Bc8 16. Bh6 Ng7 17. f4 Nd7 18. Ng4 Nc5 19. Qe3 Nxb3 20. axb3 Re8 21. Rfd1
c6 22. e5 Nf5 23. Qh3 Nxh6 24. Nxh6+ Kg7 25. Ne4 1/2-1/2

[Event "Hessen Senioren-ch 2012  8th"]
[Site "Bad Sooden-Adf. (14.4.-22.4)"]
[Date "2012.04.17"]
[Round "4.42"]
[White "Claus, Joachim"]
[Black "Romanow, Werner"]
[Result "0-1"]
[WhiteElo "1684"]
[BlackElo "1961"]
[PlyCount "110"]
[EventDate "2012.04.??"]
[EventType "swiss"]
[EventRounds "9"]
[EventCountry "GER"]
[WhiteTeam "Witten SG"]
[BlackTeam "Merseburg SV"]

1. f4 d5 2. Nf3 g6 3. e3 Bg7 4. Be2 Nf6 5. O-O O-O 6. d3 c5 7. Ne5 Nbd7 8. Nxd7
Bxd7 9. Nd2 Qb6 10. Nf3 Bg4 11. Ne5 Bxe2 12. Qxe2 e6 13. Rb1 Qc7 14. b3 Rac8
15. c4 Rfd8 16. Rd1 Ne8 17. Bb2 d4 18. Nf3 dxe3 19. Bxg7 Nxg7 20. Qxe3 Nf5 21.
Qe4 Nd4 22. g3 Nxf3+ 23. Qxf3 Rd4 24. Kf1 Rcd8 25. Rb2 Qd7 26. Rbd2 b5 27. Qe3
bxc4 28. bxc4 Qb7 29. Qf2 Qb4 30. Qe2 Qc3 31. Rc2 Qa3 32. Rcd2 a5 33. h4 h5 34.
Qe3 Qc3 35. Qe2 a4 36. Rc2 Qa5 37. Rcd2 a3 38. Qe3 Qa8 39. Ke2 Rb8 40. Qf3 Qa6
41. Qh1 Rb2 42. Rc1 Rxd2+ 43. Kxd2 Rd8 44. Qd1 Rb8 45. Rc2 Qa5+ 46. Ke2 Rb2 47.
Qd2 Qb6 48. Kd1 Qb7 49. Qe1 Rb1+ 50. Rc1 Rxc1+ 51. Kxc1 Qb2+ 52. Kd1 Qb1+ 53.
Ke2 Qxa2+ 54. Ke3 Qb2 55. Qa5 a2 0-1

[Event "Hessen Senioren-ch 2012  8th"]
[Site "Bad Sooden-Adf. (14.4.-22.4)"]
[Date "2012.04.17"]
[Round "4.43"]
[White "Roth, Reinhard"]
[Black "Nagorni, Walter"]
[Result "0-1"]
[WhiteElo "1596"]
[BlackElo "1905"]
[PlyCount "103"]
[EventDate "2012.04.??"]
[EventType "swiss"]
[EventRounds "9"]
[EventCountry "GER"]
[WhiteTeam "Königstein/Schwalbach Sfr."]
[BlackTeam "Lister Turm SK"]

1. e4 c5 2. Nf3 Nc6 3. c3 d5 4. e5 g6 5. d4 Bg7 6. Bb5 Qb6 7. a4 Bd7 8. dxc5
Qc7 9. Bf4 e6 10. O-O Nge7 11. Re1 O-O 12. Qd2 a6 13. Bd3 Na5 14. Nd4 Nc4 15.
Bxc4 dxc4 16. Na3 Qxc5 17. Be3 Qc7 18. Nf3 Bxa4 19. Bg5 Rfd8 20. Qf4 Bb3 21.
Bf6 Bxf6 22. Qxf6 Nd5 23. Qh4 Kg7 24. Re4 Rac8 25. Rae1 Qe7 26. Ng5 h6 27. Nxf7
Qxf7 28. Qg3 Ne7 29. f3 Rd2 30. Qh4 b5 31. Qf6+ Kg8 32. h4 Nd5 33. Qxf7+ Kxf7
34. f4 Rxb2 35. h5 gxh5 36. f5 Rg8 37. fxe6+ Kxe6 38. R4e2 Rxe2 39. Rxe2 Nxc3
40. Re3 Nd5 41. Rh3 Nf4 42. Rf3 Rxg2+ 43. Kh1 Rg4 44. Nb1 Kxe5 45. Nd2 Bc2 46.
Re3+ Kd4 47. Re7 Nd5 48. Nf3+ Kc5 49. Re5 Be4 50. Kh2 Bxf3 51. Rxh5 Rg2+ 52.
Kh3 0-1

[Event "Hessen Senioren-ch 2012  8th"]
[Site "Bad Sooden-Adf. (14.4.-22.4)"]
[Date "2012.04.17"]
[Round "4.44"]
[White "Schirmer, Werner"]
[Black "Heimberg, Guenter"]
[Result "1-0"]
[WhiteElo "1920"]
[BlackElo "1658"]
[PlyCount "73"]
[EventDate "2012.04.??"]
[EventType "swiss"]
[EventRounds "9"]
[EventCountry "GER"]
[WhiteTeam "Hamburger SK"]
[BlackTeam "Wennigsen SK"]

1. e4 e5 2. Nf3 Nc6 3. Bb5 d6 4. d4 exd4 5. Nxd4 Bd7 6. Nc3 Nxd4 7. Qxd4 a6 8.
Bxd7+ Qxd7 9. Be3 Ne7 10. O-O Nc6 11. Qd2 Be7 12. Nd5 Rc8 13. Rad1 O-O 14. f4
Qe6 15. f5 Qd7 16. f6 Bd8 17. Bh6 Qg4 18. Bxg7 Re8 19. h3 Qg6 20. Rf4 h5 21.
Qe2 Re5 22. Rh4 Rg5 23. Nf4 Qh7 24. Rxh5 Rxh5 25. Nxh5 Ne5 26. Ng3 Qg6 27. Nh5
Qg5 28. Rf1 Ng6 29. Rf5 Qc1+ 30. Kh2 c6 31. Ng3 Bb6 32. Rf1 Qg5 33. Nf5 Bd8 34.
Nh6+ Kh7 35. Nxf7 Qb5 36. c4 Qc5 37. b4 1-0

[Event "Hessen Senioren-ch 2012  8th"]
[Site "Bad Sooden-Adf. (14.4.-22.4)"]
[Date "2012.04.17"]
[Round "4.45"]
[White "Kaufmann, Helmut(33)"]
[Black "Jung, Michael Prof(40)"]
[Result "1/2-1/2"]
[WhiteElo "1897"]
[BlackElo "1621"]
[PlyCount "80"]
[EventDate "2012.04.??"]
[EventType "swiss"]
[EventRounds "9"]
[EventCountry "GER"]
[WhiteTeam "Eutingen SK"]
[BlackTeam "Osnabrück SV"]

1. d4 d5 2. Nf3 Nf6 3. e3 e6 4. Bd3 g6 5. Nbd2 Bg7 6. O-O O-O 7. Qe2 Nbd7 8. c3
c5 9. h3 b6 10. e4 dxe4 11. Nxe4 Bb7 12. Bg5 Qc7 13. Nxf6+ Nxf6 14. Rad1 cxd4
15. Nxd4 Nd5 16. Be4 Rfe8 17. Bh4 Nf4 18. Qf3 Bxe4 19. Qxe4 Qe5 20. Qf3 Nd5 21.
c4 Qf4 22. Bg3 Qxf3 23. Nxf3 Nb4 24. a3 Nc6 25. b3 Na5 26. Rd3 Rad8 27. Rfd1
Rxd3 28. Rxd3 Bb2 29. a4 Nc6 30. Kf1 e5 31. Rd2 Bc3 32. Rc2 Bb4 33. Rc1 f6 34.
Ne1 Rd8 35. Nc2 Be7 36. Ke2 Kg7 37. f3 Kf7 38. Be1 a5 39. Rd1 Rxd1 40. Kxd1 g5
1/2-1/2

[Event "Hessen Senioren-ch 2012  8th"]
[Site "Bad Sooden-Adf. (14.4.-22.4)"]
[Date "2012.04.17"]
[Round "4.46"]
[White "Kleist, Werner(35)"]
[Black "Janzen, Christian(36)"]
[Result "0-1"]
[WhiteElo "1480"]
[BlackElo "1619"]
[PlyCount "90"]
[EventDate "2012.04.??"]
[EventType "swiss"]
[EventRounds "9"]
[EventCountry "GER"]
[WhiteTeam "GER/Berlin"]
[BlackTeam "Berlin Marienfelde TSV"]

1. b4 g6 2. Bb2 Nf6 3. b5 Bg7 4. e4 O-O 5. Nc3 Nxe4 6. Nxe4 Bxb2 7. Rb1 Bg7 8.
d4 d5 9. Nc5 Nd7 10. Nb3 Re8 11. Be2 e5 12. Nf3 e4 13. Nfd2 e3 14. Nf3 exf2+
15. Kxf2 Nf6 16. Kg1 Qe7 17. Ne5 Ne4 18. Qf1 Bxe5 19. dxe5 Qxe5 20. Ra1 Nf6 21.
Bf3 Qe3+ 22. Qf2 Qxf2+ 23. Kxf2 Bd7 24. a4 a6 25. Nc5 axb5 26. Nxd7 Nxd7 27.
Bxd5 c6 28. Bb3 bxa4 29. Rxa4 Rxa4 30. Bxa4 Nc5 31. Bb3 Nxb3 32. cxb3 Re4 33.
Rc1 Rb4 34. Rc3 Kf8 35. Ke2 Ke7 36. Rd3 Rb5 37. h3 f6 38. Kf2 Rd5 39. Rc3 Kd6
40. Ke2 b6 41. Rc4 b5 42. Rh4 Re5+ 43. Kd2 Re7 44. Rd4+ Kc7 45. Kd3 Rd7 0-1

[Event "Hessen Senioren-ch 2012  8th"]
[Site "Bad Sooden-Adf. (14.4.-22.4)"]
[Date "2012.04.17"]
[Round "4.47"]
[White "Grasmeyer, Klaus-Peter"]
[Black "Krotofil, Kurt"]
[Result "0-1"]
[WhiteElo "1693"]
[BlackElo "1880"]
[PlyCount "104"]
[EventDate "2012.04.??"]
[EventType "swiss"]
[EventRounds "9"]
[EventCountry "GER"]
[WhiteTeam "Villingen SK"]
[BlackTeam "Hamburg Niendorfer TSV"]

1. d4 d5 2. Nf3 e6 3. e3 Nf6 4. c4 c6 5. Nc3 Nbd7 6. cxd5 exd5 7. Be2 Bd6 8.
O-O O-O 9. b3 Re8 10. Bb2 Ne4 11. Rc1 Ndf6 12. Na4 Qe7 13. Qc2 h6 14. h3 Bf5
15. Bd3 Qe6 16. Nc5 Qc8 17. Ne5 Bxh3 18. Nxe4 dxe4 19. Bxe4 Nxe4 20. Qxe4 Be6
21. Qd3 Qd8 22. Qe2 Qh4 23. f4 f6 24. Nf3 Qh5 25. Qf2 Bd5 26. Rce1 Re7 27. Re2
Rae8 28. Rfe1 Be4 29. Rd1 Qa5 30. Bc1 Qa6 31. Ne1 Bf5 32. Qf3 Qb5 33. g4 Be4
34. Qf2 h5 35. gxh5 Qxh5 36. Qh2 Qg4+ 37. Kf1 g5 38. Qg1 Qxg1+ 39. Kxg1 gxf4
40. exf4 Rg7+ 41. Ng2 Kf7 42. Kf1 Rh8 43. Ne1 f5 44. Rf2 Rh1+ 45. Ke2 Bb4 46.
a3 Bc3 47. Bd2 Bxd4 48. Be3 Bxe3 49. Kxe3 Rg3+ 50. Kd4 Rxb3 51. Ke5 Rb5+ 52.
Kd4 Rd5+ 0-1

[Event "Hessen Senioren-ch 2012  8th"]
[Site "Bad Sooden-Adf. (14.4.-22.4)"]
[Date "2012.04.17"]
[Round "4.49"]
[White "Barlo, Werner"]
[Black "Gudat, Alfons"]
[Result "0-1"]
[WhiteElo "1594"]
[BlackElo "1843"]
[PlyCount "53"]
[EventDate "2012.04.??"]
[EventType "swiss"]
[EventRounds "9"]
[EventCountry "GER"]
[WhiteTeam "Berlin Zehlendorf SK"]
[BlackTeam "Oldenburg SK"]

1. d4 Nf6 2. Nf3 e6 3. c4 b6 4. g3 Ba6 5. Qc2 Bb7 6. Bg2 Be7 7. Nc3 O-O 8. O-O
d6 9. b3 Nbd7 10. Bb2 Rc8 11. e4 c5 12. d5 e5 13. a4 a6 14. Bc1 Rc7 15. Nh4 Re8
16. Nf5 Nf8 17. Bg5 Bc8 18. Nxe7+ Qxe7 19. Rac1 h6 20. Bxf6 Qxf6 21. f4 exf4
22. Rxf4 Qe5 23. Kh1 Ng6 24. Rf2 Rce7 25. Rd1 Qg5 26. Rdf1 Ne5 27. Rf5 0-1

[Event "Hessen Senioren-ch 2012  8th"]
[Site "Bad Sooden-Adf. (14.4.-22.4)"]
[Date "2012.04.17"]
[Round "4.50"]
[White "Schlag, Franz"]
[Black "Meyer, Walter(34)"]
[Result "1/2-1/2"]
[WhiteElo "1837"]
[BlackElo "1591"]
[PlyCount "65"]
[EventDate "2012.04.??"]
[EventType "swiss"]
[EventRounds "9"]
[EventCountry "GER"]
[WhiteTeam "Bad Hersfeld SK"]
[BlackTeam "Hennef 1927 SV"]

1. e4 c5 2. Bc4 e6 3. Nc3 Nc6 4. a3 Nf6 5. d3 d5 6. exd5 Nxd5 7. Nge2 Be7 8.
O-O Nxc3 9. bxc3 O-O 10. d4 cxd4 11. cxd4 Bf6 12. c3 Bd7 13. Bd3 Ne7 14. Bd2 e5
15. Qb1 h6 16. d5 Nxd5 17. Qxb7 Nb6 18. Qe4 g6 19. Bxh6 Bf5 20. Qe3 Qxd3 21.
Bxf8 Rxf8 22. Ng3 Bg7 23. Nxf5 Qxf5 24. Rab1 Rc8 25. Rb5 Nc4 26. Qxa7 Nd2 27.
Rc1 Bh6 28. Ra1 Rxc3 29. Rb8+ Rc8 30. Qa8 Rxb8 31. Qxb8+ Kg7 32. Qb6 Nc4 33.
Qc5 1/2-1/2

[Event "Hessen Senioren-ch 2012  8th"]
[Site "Bad Sooden-Adf. (14.4.-22.4)"]
[Date "2012.04.17"]
[Round "4.51"]
[White "Tomas, Johann"]
[Black "Mentel, Juergen Dr"]
[Result "0-1"]
[WhiteElo "1567"]
[BlackElo "1879"]
[PlyCount "23"]
[EventDate "2012.04.??"]
[EventType "swiss"]
[EventRounds "9"]
[EventCountry "GER"]
[WhiteTeam "Bad Sooden-Allendorf SK"]
[BlackTeam "Greifswalder SV"]

1. e4 d6 2. d4 Nf6 3. Nc3 c6 4. Bd3 e5 5. dxe5 dxe5 6. Bg5 Be7 7. Nge2 Nbd7 8.
O-O O-O 9. Be3 Nc5 10. a3 Ng4 11. Qd2 Nxe3 12. Qxe3 0-1

[Event "Hessen Senioren-ch 2012  8th"]
[Site "Bad Sooden-Adf. (14.4.-22.4)"]
[Date "2012.04.17"]
[Round "4.52"]
[White "Causevic, Ismet"]
[Black "Hegner, Peter"]
[Result "1-0"]
[WhiteElo "1841"]
[BlackElo "1570"]
[PlyCount "99"]
[EventDate "2012.04.??"]
[EventType "swiss"]
[EventRounds "9"]
[EventCountry "GER"]
[WhiteTeam "Forst 1971 SF"]
[BlackTeam "Bad Soden SC"]

1. d4 d5 2. c4 dxc4 3. Nc3 Nf6 4. e3 e6 5. Nf3 Be7 6. Bxc4 O-O 7. O-O a6 8. b3
b5 9. Be2 Bb7 10. Bb2 Nbd7 11. Rc1 Ne4 12. Nxe4 Bxe4 13. Nd2 Bb7 14. e4 Nf6 15.
f3 Rc8 16. e5 Nd5 17. Kf2 Bg5 18. Rc3 Nxc3 19. Bxc3 Bxd2 20. Qxd2 Qh4+ 21. Kg1
Rfd8 22. Qe3 Bd5 23. Rd1 Qe7 24. Ba5 Rd7 25. Rc1 h6 26. Rc5 Qg5 27. Qc3 Qe7 28.
Bb4 Qd8 29. a4 Bb7 30. axb5 Rxd4 31. bxa6 Rd1+ 32. Kf2 Qh4+ 33. Ke3 Bxa6 34.
Bxd1 Rd8 35. Bc2 g5 36. Rxc7 Qxh2 37. Kf2 Qh1 38. Qe1 Qh4+ 39. Kg1 Qd4+ 40. Kh1
Qf4 41. Bd6 f5 42. b4 g4 43. fxg4 Qxg4 44. Rc3 Kh7 45. Bb3 Rg8 46. Qf2 Bb7 47.
Rc7+ Rg7 48. Rxg7+ Qxg7 49. Bxe6 Be4 50. Bxf5+ 1-0